| 000 | 00704nam a22001577a 4500 | ||
|---|---|---|---|
| 003 | OSt | ||
| 005 | 20151008132933.0 | ||
| 008 | 151008b xxu||||| |||| 00| 0 eng d | ||
| 040 | _cRUA | ||
| 082 | _aAVM UON 2007 B080 Or.1 | ||
| 100 |
_92356 _aUON, VICHET. |
||
| 245 | _aStudy on small scale holder of pig raising in leaybour commune, tramkak district, takeo province, ការសិក្សាលើការចិញ្ចឹមជ្រូកជាលក្ខណៈគ្រួសារនៅក្នុងឃុំលាយបូរ ស្រុកត្រាំកក់ខេត្តតាកែវ | ||
| 260 |
_aPhnom Penh _bRUA _c2007 |
||
| 300 |
_ax; 54p. _bill. _c29cm. |
||
| 942 |
_2ddc _cAVM |
||
| 999 |
_c2218 _d2218 |
||